000 00695nam a2200229Ia 4500
005 20260601193259.0
008 260601s9999||||xx |||||||||||||| ||und||
020 _a978-3-031-71602-7
_qebk
100 _aChing Yee Suen
245 0 _aArtificial Neural Networks in Pattern Recognition
250 _a2024
260 _aHeidelberg, Germany
_bSpringer Nature
_c2024
440 _aLecture Notes in Computer Science
650 _aComputer Science
700 _aAdam Krzyzak
700 _aCem Subakan
700 _aEdmondo Trentin
700 _aMirco Ravanelli
700 _aNicola Nobile
856 _uhttps://link.springer.com/openurl?genre=book&isbn=978-3-031-71602-7
942 _cEB
_2ddc
999 _c56977
_d56977